| 000 | 01804aam a2200277 a 4500 | ||
|---|---|---|---|
| 005 | 20230301145937.0 | ||
| 008 | 230301s2007 enkae b 001 0 eng | ||
| 010 | _a2006007956 | ||
| 020 | _a9780415290456 (pbk.) | ||
| 020 | _a0415290457 (pbk.) | ||
| 035 | _a(Uk)013023414 | ||
| 041 | _aeng | ||
| 082 | 0 | 0 | _a720.47 |
| 245 | 0 | 4 |
_aThe environmental brief : _bpathways for green design / _cRichard Hyde ... [et al.]. |
| 260 |
_aAbingdon : _bTaylor and Francis, _c2007. |
||
| 300 |
_aix, 334 p. : _bill., plans ; _c29 cm. |
||
| 504 | _aIncludes bibliographical references and index. | ||
| 520 | _aThe built environment is responsible for an estimated 45% of all green house gas emissions. It is during the design process where decisions are made and which can have the greatest influence on the reduction of the impact of the built environment. The architectural brief is seen by architects as the most crucial part of the entire design process in terms of achieving high quality buildings. Environmental design strategies are often considered as being of lesser importance. In this important new book, the authors argue that the use of an environment brief to drive building design is extremely effective in producing high environmental performance. It is part of the process of continual improvement that will lead to building design approaching sustainability. The contents are presented in three parts: theoretical issues of environmental briefing; the briefing method and process and a series of international case studies. | ||
| 650 | 0 | _aSustainable architecture. | |
| 650 | 0 |
_aArchitecture _xEnvironmental aspects. |
|
| 650 | 0 | _aSustainable development. | |
| 651 | _aUnited Kingdom | ||
| 700 | 1 | _aHyde, Richard, | |
| 942 | _n0 | ||
| 999 |
_c121383 _d121383 |
||